000 00710nas a2200217 a 4500
001 000045784
003 DLC
005 20201002052436.0
008 150512c19039999dr er1ndd 0 0spa d
040 _aDO-SdBNP
_bspa
_cBNPHU
043 _anwdr
245 0 0 _aEl Doctrinario :
_bo civilización o muerte.
260 _aSanto Domingo,
_c1903.
300 _av. :
_bil. ;
_c34 cm.
310 _aQuincenal
362 1 _aAño.1:no.1:(16 agosto, 1903)
500 _aDirector: Enrique Ap. Henríquez, 1903.
500 _aPeriódico quincenal de ciencias y artes.
650 0 4 _aPeriódicos
_vPUBLICACIONES PERIÓDICAS
_zRepública Dominicana
_973867
651 0 _aRepública Dominicana
_vPUBLICACIONES PERIÓDICAS
_925092
999 _c45273
_d45273